Central Library OPAC University of Rajshahi
Normal view MARC view

Entry Topical Term

Number of records used in: 2

001 - CONTROL NUMBER

  • control field: 8692

003 - CONTROL NUMBER IDENTIFIER

  • control field: BD-RjUL

005 - DATE AND TIME OF LATEST TRANSACTION

  • control field: 20230830093705.0

008 - FIXED-LENGTH DATA ELEMENTS

  • fixed length control field: 230830|| aca||aabn | a|a d

040 ## - CATALOGING SOURCE

  • Original cataloging agency: BD-RjUL
  • Transcribing agency: BD-RjUL

150 ## - HEADING--TOPICAL TERM

  • Topical term or geographic name entry element: মুসলিম আইন
  • General subdivision: কন্যা সন্তান
  • Form subdivision: ইতিহাস ও জীবনী
  • Geographic subdivision: বাংলাদেশ

670 ## - SOURCE DATA FOUND

  • Source citation: Work cat.: (BD-RjUL)81812: উল্লাহ, মোহামমদ হেদায়েত 8691, মুসলিম উত্তরাধিকার আইনে কন্যা সন্তানের অধিকার:, ২০২১